Volontaires d'Orléans muster roll, (Record no. 42031)
[ view plain ]
| 000 -LEADER | |
|---|---|
| fixed length control field | 01325cpcaa2200301 a 4500 |
| 001 - CONTROL NUMBER | |
| control field | mm 79005848 |
| 003 - CONTROL NUMBER IDENTIFIER | |
| control field | DLC |
| 005 - DATE AND TIME OF LATEST TRANSACTION | |
| control field | 20260227111652.0 |
| 008 - FIXED-LENGTH DATA ELEMENTS--GENERAL INFORMATION | |
| fixed length control field | 790906|||||||||||| fre |
| 010 ## - LIBRARY OF CONGRESS CONTROL NUMBER | |
| LC control number | mm 79005848 |
| 040 ## - CATALOGING SOURCE | |
| Original cataloging agency | DLC |
| Transcribing agency | DLC |
| Description conventions | dacs |
| Modifying agency | DLC |
| 072 #7 - SUBJECT CATEGORY CODE | |
| Subject category code | C |
| Source | lcmd |
| 110 1# - MAIN ENTRY--CORPORATE NAME | |
| Corporate name or jurisdiction name as entry element | Louisiana. |
| Subordinate unit | Militia. |
| -- | Uniformed Battalion of Orleans Volunteers. |
| 245 00 - TITLE STATEMENT | |
| Title | Volontaires d'Orléans muster roll, |
| Inclusive dates | 1814-1815. |
| 300 ## - PHYSICAL DESCRIPTION | |
| Extent | 1 |
| Type of unit | item. |
| 506 0# - RESTRICTIONS ON ACCESS NOTE | |
| Terms governing access | Open to research. |
| 520 8# - SUMMARY, ETC. | |
| Summary, etc. | Transcript of a muster roll of a militia battalion that served in the Battle of New Orleans during the War of 1812. |
| 533 ## - REPRODUCTION NOTE | |
| Type of reproduction | Typewritten transcript made for the Louisiana Historical Society from a document lent by J. B. Pelletier. |
| Place of reproduction | [S.l.]. |
| 545 1# - BIOGRAPHICAL OR HISTORICAL DATA | |
| Biographical or historical data | Military unit also known as Volontaires d'Orléans. |
| 546 ## - LANGUAGE NOTE | |
| Language note | Collection material in French. |
| 580 ## - LINKING ENTRY COMPLEXITY NOTE | |
| Linking entry complexity note | Forms part of: Miscellaneous Manuscripts collection. |
| 650 #0 - SUBJECT ADDED ENTRY--TOPICAL TERM | |
| Topical term or geographic name entry element | New Orleans, Battle of, New Orleans, La., 1815. |
| 651 #0 - SUBJECT ADDED ENTRY--GEOGRAPHIC NAME | |
| Geographic name | Louisiana |
| General subdivision | History |
| Chronological subdivision | War of 1812. |
| 651 #0 - SUBJECT ADDED ENTRY--GEOGRAPHIC NAME | |
| Geographic name | Louisiana |
| General subdivision | Militia. |
| 651 #0 - SUBJECT ADDED ENTRY--GEOGRAPHIC NAME | |
| Geographic name | United States |
| General subdivision | History |
| Chronological subdivision | War of 1812 |
| Form subdivision | Registers. |
No items available.